000 00859nam a2200277 4500
003 EC-UNACH
005 20241015111726.0
006 s||||gr|||| 00| 00
008 150116t9999 mx r gr 000 0 spa d
020 _a978-9942-34-113-6
040 _aEC-UNACH
_cEC-UNACH
041 _aEspañol
082 0 4 _223
_a808.83
_bL017677
100 _aVásconez, César Ramiro
245 _aTierra tres veces maldita
250 _aPrimera Edición
264 _aQuito - Ecuador
_bEditorial Casa de la Cultura Ecuatoriana
_c2024
300 _a166 páginas
_c19 x 12 centímetros
501 _aIncluye índice
505 _aLa última estación y la llave -- La espina ardiente -- Llama adentro.
650 _aNovela
942 _2ddc
_c1
999 _c13466